000 004250000a22001690004500
003 MACL
005 20151229174825.0
008 151229b xxu||||| |||| 00| 0 eng d
040 _aMACL
_cMACL
041 _aEnglish
082 _a218/DEL
100 _aDelanne, Gabrile
_924484
245 _aEvidence for A Future Life
260 _bWilliam Rider and Son Ltd
_c1909
650 _aReligion
_924485
942 _cBK
_k218/DEL
_2ddc
999 _c38365
_d38365